[Event "FICGS W-ch st1 g02 email"]
[Site "FICGS email"]
[Date "2015.07.02"]
[Round "1"]
[White "Ruzin, Mikhail"]
[Black "Kulick, Neil"]
[Result "0-1"]
[WhiteElo "1869"]
[BlackElo "2000"]
[PlyCount "104"]
[EventDate "2015.??.??"]
[EventType "tourn (corr)"]
[EventRounds "8"]
[SourceTitle "Corr 2022"]
[Source "ChessBase"]
[SourceDate "2021.10.24"]
[SourceVersion "1"]
[SourceVersionDate "2021.10.24"]
[SourceQuality "1"]

1. d4 d5 2. c4 c6 3. Nf3 Nf6 4. Nc3 e6 5. e3 Nbd7 6. Bd3 dxc4 7. Bxc4 b5 8. Bd3 Bb7 9. 0-0 a6 10. e4 c5 11. d5 c4 12. Bc2 Qc7 13. dxe6 fxe6 14. Nd4 Nc5 15. Be3 e5 16. Nf5 g6 17. Nh6 Bg7 18. Qf3 Ne6 19. Qh3 Qd7 20. Qh4 Qe7 21. f3 Nd4 22. Rf2 Nh5 23. Bg5 Bf6 24. Bxf6 Qxf6 25. Qxf6 Nxf6 26. Rd1 Rf8 27. a3 Rd8 28. Bb1 Bc8 29. Rfd2 Ke7 30. Kh1 Kd6 31. f4 Ng4 32. Nxg4 Bxg4 33. Rf1 Kc5 34. f5 Ne2 35. Rxe2 Bxe2 36. Nxe2 Rd2 37. Ng1 Rfd8 38. f6 Rd1 39. Rxd1 Rxd1 40. f7 Rf1 41. f8Q+ Rxf8 42. Nf3 a5 43. Kg1 Rd8 44. Bc2 b4 45. axb4+ axb4 46. b3 Ra8 47. Kf1 Ra2 48. Ne1 Rxc2 49. Nxc2 cxb3 50. Ne1 Kd4 51. Ke2 b2 52. Nf3+ Kc3 0-1

[Event "FICGS W-ch st1 g02 email"]
[Site "FICGS email"]
[Date "2015.07.02"]
[Round "1"]
[White "Ruzin, Mikhail"]
[Black "Pivirotto, Filiberto"]
[Result "1-0"]
[WhiteElo "1869"]
[BlackElo "1800"]
[PlyCount "23"]
[EventDate "2015.??.??"]
[EventType "tourn (corr)"]
[EventRounds "8"]
[SourceTitle "Corr 2022"]
[Source "ChessBase"]
[SourceDate "2021.10.24"]
[SourceVersion "1"]
[SourceVersionDate "2021.10.24"]
[SourceQuality "1"]

1. d4 Nf6 2. c4 e6 3. Nc3 Bb4 4. Qc2 0-0 5. a3 Bxc3+ 6. Qxc3 b6 7. Nf3 Bb7 8. Bg5 d6 9. e3 Nbd7 10. Be2 Qe8 11. 0-0 Ne4 12. Qc2 1-0

[Event "FICGS W-ch st1 g03 email"]
[Site "FICGS email"]
[Date "2014.11.01"]
[Round "1"]
[White "Ruzin, Mikhail"]
[Black "Pech, Jaroslav Senior"]
[Result "1-0"]
[WhiteElo "1877"]
[BlackElo "1208"]
[PlyCount "57"]
[EventDate "2014.??.??"]
[EventType "tourn (corr)"]
[EventRounds "8"]
[SourceTitle "Corr 2022"]
[Source "ChessBase"]
[SourceDate "2021.10.24"]
[SourceVersion "1"]
[SourceVersionDate "2021.10.24"]
[SourceQuality "1"]

1. Nf3 Nf6 2. c4 c5 3. Nc3 Nc6 4. d4 cxd4 5. Nxd4 e6 6. e4 Bb4 7. Nxc6 dxc6 8. Qxd8+ Kxd8 9. e5 Ne4 10. a3 Bxc3+ 11. bxc3 Kc7 12. Be3 b6 13. Bd3 Nc5 14. Bxc5 bxc5 15. 0-0-0 Rb8 16. Kc2 Ba6 17. Rhe1 Rhd8 18. Re4 Rd7 19. Rf4 Rbd8 20. Be2 Rxd1 21. Bxd1 Rf8 22. Rh4 h6 23. Rg4 g6 24. Be2 Kd7 25. Rf4 f5 26. exf6 e5 27. Rf3 Ke6 28. Kd3 Bc8 29. Ke3 1-0

[Event "FICGS W-ch st1 g02 email"]
[Site "FICGS email"]
[Date "2014.03.03"]
[Round "1"]
[White "Ruzin, Mikhail"]
[Black "Leurette, Marc Antoine"]
[Result "1-0"]
[WhiteElo "1868"]
[BlackElo "1198"]
[PlyCount "47"]
[EventDate "2014.??.??"]
[EventType "tourn (corr)"]
[EventRounds "8"]
[SourceTitle "Corr 2022"]
[Source "ChessBase"]
[SourceDate "2021.10.24"]
[SourceVersion "1"]
[SourceVersionDate "2021.10.24"]
[SourceQuality "1"]

1. e4 e5 2. Nf3 Nc6 3. Bb5 Nf6 4. 0-0 Nxe4 5. d4 exd4 6. Re1 d5 7. Nxd4 Bd7 8. Bxc6 Bxc6 9. f3 Qf6 10. Nxc6 Qxc6 11. fxe4 0-0-0 12. e5 Bc5+ 13. Kh1 Rhe8 14. Nd2 f6 15. Nf3 fxe5 16. Bg5 Be7 17. Nxe5 Qd6 18. Nf7 Rd7 19. Nxd6+ Rxd6 20. Bxe7 Rd7 21. Qg4 g6 22. Bg5 Rxe1+ 23. Rxe1 c6 24. Re7 1-0

[Event "FICGS W-ch st1 g02 email"]
[Site "FICGS email"]
[Date "2014.03.03"]
[Round "1"]
[White "Ruzin, Mikhail"]
[Black "Vollmer, Steve"]
[Result "1-0"]
[WhiteElo "1868"]
[BlackElo "1634"]
[PlyCount "53"]
[EventDate "2014.??.??"]
[EventType "tourn (corr)"]
[EventRounds "8"]
[SourceTitle "Corr 2022"]
[Source "ChessBase"]
[SourceDate "2021.10.24"]
[SourceVersion "1"]
[SourceVersionDate "2021.10.24"]
[SourceQuality "1"]

1. e4 e5 2. Nf3 Nc6 3. Bb5 a6 4. Ba4 Nf6 5. 0-0 b5 6. Bb3 Be7 7. Re1 d6 8. c3 0-0 9. h3 Bb7 10. d4 exd4 11. cxd4 Na5 12. Bc2 c5 13. d5 Nc4 14. b3 Ne5 15. Nxe5 dxe5 16. Qe2 Ne8 17. Nd2 Nd6 18. Bb2 Bf6 19. a4 Qe7 20. Bd3 b4 21. Rac1 Rac8 22. Bxa6 Rfd8 23. Bxb7 Qxb7 24. f4 Re8 25. Qf2 Qc7 26. Nf3 exf4 27. e5 1-0

[Event "FICGS W-ch st1 g08 email"]
[Site "FICGS email"]
[Date "2012.11.01"]
[Round "1"]
[White "Drozel, Horst"]
[Black "Ruzin, Mikhail"]
[Result "1-0"]
[WhiteElo "1985"]
[BlackElo "1840"]
[PlyCount "45"]
[EventDate "2012.??.??"]
[EventType "tourn (corr)"]
[EventRounds "8"]
[SourceTitle "Corr 2022"]
[Source "ChessBase"]
[SourceDate "2021.10.24"]
[SourceVersion "1"]
[SourceVersionDate "2021.10.24"]
[SourceQuality "1"]

1. e4 g6 2. d4 Bg7 3. Nc3 c5 4. dxc5 Bxc3+ 5. bxc3 Nf6 6. e5 Ne4 7. Bc4 Nxc5 8. Nf3 Nc6 9. 0-0 Qc7 10. Re1 b5 11. Bxb5 Rb8 12. a4 a6 13. Bf1 Na5 14. Qd6 Ne6 15. Qxc7 Nxc7 16. Bh6 Rb6 17. Rab1 Rc6 18. Rb8 Ne6 19. Bxa6 Kd8 20. Bb5 Kc7 21. Ra8 Nb7 22. Bxc6 dxc6 23. a5 1-0

[Event "FICGS W-ch st1 g08 email"]
[Site "FICGS email"]
[Date "2012.11.01"]
[Round "1"]
[White "Ruzin, Mikhail"]
[Black "Endean, Andrew"]
[Result "1/2-1/2"]
[WhiteElo "1840"]
[BlackElo "2110"]
[PlyCount "82"]
[EventDate "2012.??.??"]
[EventType "tourn (corr)"]
[EventRounds "8"]
[SourceTitle "Corr 2022"]
[Source "ChessBase"]
[SourceDate "2021.10.24"]
[SourceVersion "1"]
[SourceVersionDate "2021.10.24"]
[SourceQuality "1"]

1. d4 Nf6 2. c4 e6 3. Nc3 Bb4 4. Qc2 0-0 5. Bg5 c5 6. a3 Bxc3+ 7. bxc3 h6 8. Bh4 cxd4 9. cxd4 Qa5+ 10. Qd2 Qxd2+ 11. Kxd2 g5 12. Bg3 Ne4+ 13. Ke1 b6 14. e3 Nc6 15. Bd3 Nxg3 16. hxg3 Kg7 17. Nf3 Bb7 18. Nd2 Rac8 19. Ke2 Na5 20. f3 Rc7 21. Rh5 Ba6 22. Rah1 Rh8 23. f4 f6 24. fxg5 fxg5 25. Ne4 Bxc4 26. Nxg5 Bxd3+ 27. Kxd3 Nc4 28. Nf3 Nb2+ 29. Kd2 Rhc8 30. Ne1 Nc4+ 31. Ke2 Rh8 32. g4 Nd6 33. g5 Nf7 34. gxh6+ Rxh6 35. Rxh6 Nxh6 36. e4 Nf7 37. e5 d6 38. exd6 Nxd6 39. Rh5 Nf5 40. Kd3 Rc1 41. Nc2 Rg1 1/2-1/2

[Event "FICGS W-ch st1 g15 email"]
[Site "FICGS email"]
[Date "2012.01.01"]
[Round "1"]
[White "Simmelink, Joop Theo"]
[Black "Ruzin, Mikhail"]
[Result "1-0"]
[WhiteElo "2079"]
[BlackElo "1871"]
[PlyCount "81"]
[EventDate "2012.??.??"]
[EventType "tourn (corr)"]
[EventRounds "8"]
[SourceTitle "Corr 2022"]
[Source "ChessBase"]
[SourceDate "2021.10.24"]
[SourceVersion "1"]
[SourceVersionDate "2021.10.24"]
[SourceQuality "1"]

1. e4 g6 2. d4 Bg7 3. Nc3 c5 4. dxc5 Bxc3+ 5. bxc3 Qa5 6. Qd4 Nf6 7. Qb4 Nc6 8. Qxa5 Nxa5 9. Bd3 0-0 10. Ba3 b6 11. cxb6 Nc6 12. bxa7 Rxa7 13. Bc5 Ra4 14. f3 Ba6 15. Ne2 d6 16. Bd4 Kg7 17. g4 Ne5 18. Bxe5 dxe5 19. Kd2 h5 20. g5 Nd7 21. Rhb1 Nc5 22. Rb4 Ra3 23. Bxa6 Rxa6 24. a4 Ne6 25. h4 f6 26. gxf6+ exf6 27. a5 Rfa8 28. Rb5 R8a7 29. Nc1 Nc7 30. Rb8 Rxa5 31. Rxa5 Rxa5 32. Rb7 Rc5 33. f4 Rc4 34. fxe5 g5 35. hxg5 fxg5 36. Nb3 Kg8 37. Kd3 Rc6 38. Nd4 Rc5 39. Rb8+ Kf7 40. Rh8 h4 41. Rh6 1-0

[Event "FICGS W-ch st1 g04 email"]
[Site "FICGS email"]
[Date "2011.04.01"]
[Round "1"]
[White "Ruzin, Mikhail"]
[Black "Willoughby, Peter"]
[Result "1-0"]
[WhiteElo "1810"]
[BlackElo "1357"]
[PlyCount "83"]
[EventDate "2011.??.??"]
[EventType "tourn (corr)"]
[EventRounds "8"]
[SourceTitle "Corr 2013"]
[Source "ChessBase"]
[SourceDate "2012.11.12"]
[SourceVersion "1"]
[SourceVersionDate "2012.11.12"]
[SourceQuality "1"]

1. d4 Nf6 2. c4 c5 3. d5 b5 4. cxb5 a6 5. bxa6 g6 6. Nc3 Bxa6 7. g3 d6 8. Bg2 Bg7 9. Nf3 0-0 10. 0-0 Nbd7 11. Re1 Qb6 12. Qc2 Ng4 13. e3 Nge5 14. Rd1 Rfb8 15. Ng5 Nf8 16. f4 Ned7 17. Rb1 Rb7 18. b3 Qa5 19. Bd2 Qd8 20. Nge4 f5 21. Nf2 e5 22. dxe6 Nxe6 23. Bd5 Qe8 24. Nce4 Kh8 25. Nxd6 Qe7 26. Bxb7 Bxb7 27. Nxb7 Rb8 28. Na5 Qf7 29. Bc3 Rg8 30. Nc4 h5 31. Nd6 Qe7 32. Bxg7+ Rxg7 33. e4 fxe4 34. Nfxe4 Qd8 35. b4 Nd4 36. Qc4 Qe7 37. bxc5 Ne6 38. c6 Ndf8 39. Rb7 Qxb7 40. cxb7 Rxb7 41. Nxb7 Nxf4 42. Qf7 1-0

[Event "FICGS theme 0001 email"]
[Site "FICGS email"]
[Date "2010.09.18"]
[Round "1"]
[White "Ruzin, Mikhail"]
[Black "Hase, Pavel"]
[Result "0-1"]
[WhiteElo "1867"]
[BlackElo "2181"]
[PlyCount "82"]
[EventDate "2010.??.??"]
[EventType "swiss (corr)"]
[EventRounds "1"]
[SourceTitle "Corr 2013"]
[Source "ChessBase"]
[SourceDate "2012.11.12"]
[SourceVersion "1"]
[SourceVersionDate "2012.11.12"]
[SourceQuality "1"]

1. d4 d5 2. c4 Nc6 3. Nf3 Bg4 4. Nc3 e6 5. Bg5 Be7 6. Bxe7 Ngxe7 7. e3 0-0 8. Bd3 f5 9. h3 Bxf3 10. Qxf3 Nb4 11. Qe2 f4 12. Bb1 fxe3 13. Qxe3 Qd7 14. c5 Nf5 15. Bxf5 Rxf5 16. Qd2 b6 17. a3 Nc6 18. b4 e5 19. Ne2 e4 20. 0-0 Raf8 21. Rac1 Nd8 22. cxb6 axb6 23. a4 Qxa4 24. Rxc7 Ne6 25. Re7 R5f6 26. Rb7 Qa3 27. Ng3 Nf4 28. Rc1 Rg6 29. Kh2 Qd3 30. Qe3 Qxe3 31. fxe3 Nxg2 32. Kxg2 h5 33. Rf1 h4 34. Rxf8+ Kxf8 35. Kf2 Rxg3 36. Rxb6 Ke7 37. b5 Rf3+ 38. Ke2 Rxh3 39. Rg6 Rg3 40. Ra6 h3 41. Ra8 h2 0-1

[Event "FICGS W-ch st1 g22 email"]
[Site "FICGS email"]
[Date "2009.11.02"]
[Round "1"]
[White "Nichols, Scott"]
[Black "Ruzin, Mikhail"]
[Result "1/2-1/2"]
[WhiteElo "2100"]
[BlackElo "1814"]
[PlyCount "126"]
[EventDate "2009.??.??"]
[EventType "tourn (corr)"]
[EventRounds "8"]
[SourceTitle "Corr 2022"]
[Source "ChessBase"]
[SourceDate "2021.10.24"]
[SourceVersion "1"]
[SourceVersionDate "2021.10.24"]
[SourceQuality "1"]

1. e4 d5 2. exd5 Qxd5 3. Nc3 Qd6 4. d4 Nf6 5. Nf3 a6 6. Bd3 g6 7. 0-0 Bg7 8. h3 Nc6 9. Ne2 e5 10. dxe5 Nxe5 11. Nxe5 Qxe5 12. Nc3 0-0 13. Qf3 c6 14. Bf4 Qh5 15. Qg3 Nd5 16. Nxd5 Qxd5 17. Rfd1 Qh5 18. Re1 Bxb2 19. Rab1 Bg7 20. Bd6 Rd8 21. Bc7 Rf8 22. a4 Qd5 23. c4 Qd4 24. Bb6 Qc3 25. Re3 f5 26. Bxf5 Qf6 27. Be4 Bf5 28. Rbe1 Rf7 29. a5 Qb2 30. Kh2 Qe5 31. f4 Qf6 32. Qf2 h5 33. Kg1 Rd7 34. Bf3 Qf7 35. Qf1 h4 36. c5 Bd4 37. Qf2 Bxe3 38. Qxe3 Qf6 39. Qf2 Kf7 40. Kh2 Rh8 41. Qe3 Re7 42. Qxe7+ Qxe7 43. Rxe7+ Kxe7 44. Bc7 Re8 45. Be5 Kf7 46. g3 g5 47. Bh5+ Bg6 48. Bg4 Re7 49. Kg2 Be4+ 50. Kf2 Kg6 51. Bd6 Rh7 52. fxg5 hxg3+ 53. Kxg3 Kxg5 54. Be5 Bf5 55. h4+ Kg6 56. Bf3 Re7 57. Kf4 Rf7 58. h5+ Kh6 59. Kg3 Rf8 60. Bf4+ Kh7 61. Bd6 Rg8+ 62. Kf4 Be6 63. Be4+ Kh6 1/2-1/2

[Event "FICGS W-ch st1 g22 email"]
[Site "FICGS email"]
[Date "2009.11.02"]
[Round "1"]
[White "Ruzin, Mikhail"]
[Black "Meli, Cosimo Leonardo"]
[Result "1/2-1/2"]
[WhiteElo "1814"]
[BlackElo "1668"]
[PlyCount "82"]
[EventDate "2009.??.??"]
[EventType "tourn (corr)"]
[EventRounds "8"]
[SourceTitle "Corr 2022"]
[Source "ChessBase"]
[SourceDate "2021.10.24"]
[SourceVersion "1"]
[SourceVersionDate "2021.10.24"]
[SourceQuality "1"]

1. d4 d5 2. c4 c6 3. Nc3 Nf6 4. Nf3 dxc4 5. a4 Bf5 6. e3 e6 7. Bxc4 Bb4 8. 0-0 Nbd7 9. Qe2 0-0 10. e4 Bg6 11. Bd3 c5 12. e5 cxd4 13. exf6 dxc3 14. fxg7 Kxg7 15. Rd1 Qc7 16. Be3 Rac8 17. Bd4+ Kg8 18. Rac1 Nb6 19. bxc3 Ba3 20. Ra1 Bd6 21. g3 Bc5 22. Be5 Qe7 23. a5 Nd5 24. Bxg6 fxg6 25. Rd3 Rf5 26. Rad1 b5 27. axb6 Bxb6 28. R1d2 Qf7 29. Kg2 Qb7 30. Qe4 Rcf8 31. Kg1 Qf7 32. Kg2 Be3 33. fxe3 Rxf3 34. Bf4 Rxe3 35. Rxe3 Nxe3+ 36. Qxe3 g5 37. Rf2 gxf4 38. Rxf4 Qb7+ 39. Kh3 Rxf4 40. Qxf4 Qb5 41. g4 a5 1/2-1/2

[Event "FICGS class C 000120 email"]
[Site "FICGS email"]
[Date "2009.08.01"]
[Round "1"]
[White "Nizar, Muhammad"]
[Black "Ruzin, Mikhail"]
[Result "0-1"]
[WhiteElo "1800"]
[BlackElo "1786"]
[PlyCount "84"]
[EventDate "2009.??.??"]
[EventType "tourn (corr)"]
[EventRounds "4"]
[SourceTitle "Corr 2022"]
[Source "ChessBase"]
[SourceDate "2021.10.24"]
[SourceVersion "1"]
[SourceVersionDate "2021.10.24"]
[SourceQuality "1"]

1. d4 d5 2. c4 Nc6 3. cxd5 Qxd5 4. Nf3 e5 5. Nc3 Bb4 6. Bd2 Bxc3 7. Bxc3 e4 8. Ne5 Nxe5 9. dxe5 Be6 10. Qa4+ Bd7 11. Qb4 a5 12. Qa3 e3 13. f3 Ne7 14. Rd1 Qc4 15. g3 Be6 16. Rd3 b5 17. b3 Qc6 18. Bd4 b4 19. Qb2 0-0-0 20. Rxe3 Nf5 21. Rd3 Nxd4 22. Rxd4 Rxd4 23. Qxd4 Rd8 24. Qb2 Qc3+ 25. Qxc3 bxc3 26. e4 Rd2 27. Ba6+ Kd7 28. Be2 Rxa2 29. Kf2 a4 30. bxa4 Bc4 31. Re1 Bxe2 32. Rxe2 c2 33. a5 Kc6 34. Kg2 Kb5 35. a6 Kxa6 36. Kh3 Rb2 37. Kg4 c1Q 38. Rxb2 Qxb2 39. f4 Qg2 40. h4 h5+ 41. Kf5 Qh3+ 42. Kg5 Qg4# 0-1

[Event "FICGS W-ch st1 g08 email"]
[Site "FICGS email"]
[Date "2009.02.03"]
[Round "1"]
[White "Raman, Ranganathan"]
[Black "Ruzin, Mikhail"]
[Result "0-1"]
[WhiteElo "1800"]
[BlackElo "1701"]
[PlyCount "96"]
[EventDate "2009.??.??"]
[EventType "tourn (corr)"]
[EventRounds "8"]
[SourceTitle "Corr 2022"]
[Source "ChessBase"]
[SourceDate "2021.10.24"]
[SourceVersion "1"]
[SourceVersionDate "2021.10.24"]
[SourceQuality "1"]

1. b3 e5 2. e4 Nf6 3. Nc3 d5 4. Qf3 d4 5. Nd5 Nbd7 6. Bc4 c6 7. Nxf6+ Nxf6 8. h3 b5 9. Be2 Bd7 10. g4 c5 11. g5 Ng8 12. h4 h6 13. Qg2 hxg5 14. hxg5 Rxh1 15. Qxh1 Qxg5 16. d3 Qg6 17. Bh5 Qe6 18. Bg5 c4 19. Qf3 g6 20. Bg4 Qxg4 21. Qxg4 Bxg4 22. f3 Be6 23. dxc4 bxc4 24. Rd1 Bb4+ 25. Ke2 a5 26. Kf1 f6 27. Bc1 cxb3 28. cxb3 Rc8 29. Ne2 g5 30. Bd2 g4 31. f4 Rc2 32. Bxb4 axb4 33. f5 Bc8 34. Nc1 Ba6+ 35. Kg1 Nh6 36. Nd3 Bxd3 37. Rxd3 Re2 38. a4 bxa3 39. b4 a2 40. Rd1 Rb2 41. b5 Rb1 42. Rxb1 axb1Q+ 43. Kg2 Qxe4+ 44. Kg3 Nxf5+ 45. Kf2 g3+ 46. Kf1 Qc2 47. Kg1 Ne3 48. b6 Qb1# 0-1

[Event "FICGS W-ch st1 g04 email"]
[Site "FICGS email"]
[Date "2008.07.08"]
[Round "1"]
[White "Bester, Kazimierz"]
[Black "Ruzin, Mikhail"]
[Result "0-1"]
[WhiteElo "1407"]
[BlackElo "1688"]
[PlyCount "72"]
[EventDate "2008.??.??"]
[EventType "tourn (corr)"]
[EventRounds "8"]
[SourceTitle "Corr 2022"]
[Source "ChessBase"]
[SourceDate "2021.10.24"]
[SourceVersion "1"]
[SourceVersionDate "2021.10.24"]
[SourceQuality "1"]

1. e4 c5 2. Nc3 Nc6 3. Nf3 d6 4. d4 cxd4 5. Nxd4 Nf6 6. Bf4 Nxd4 7. Qxd4 e5 8. Bxe5 dxe5 9. Qxd8+ Kxd8 10. 0-0-0+ Kc7 11. Rd3 Bd7 12. f3 Be7 13. Nd5+ Nxd5 14. Rxd5 f6 15. Rd3 Rac8 16. Rc3+ Kb8 17. Rxc8+ Rxc8 18. Bd3 h5 19. h3 h4 20. Rd1 Be6 21. Kb1 Rd8 22. Kc1 Bxa2 23. Kd2 Bc4 24. b3 Bxd3 25. cxd3 Bb4+ 26. Ke2 Bc3 27. Rb1 Rc8 28. b4 b5 29. Rb3 a5 30. bxa5 b4 31. Kf2 Ka7 32. g3 Bd4+ 33. Kg2 Rc2+ 34. Kf1 hxg3 35. Rxb4 g2+ 36. Ke1 g1R# 0-1

[Event "FICGS W-ch st1 g04 email"]
[Site "FICGS email"]
[Date "2008.07.08"]
[Round "1"]
[White "Unger, Peter"]
[Black "Ruzin, Mikhail"]
[Result "1-0"]
[WhiteElo "2187"]
[BlackElo "1688"]
[PlyCount "77"]
[EventDate "2008.??.??"]
[EventType "tourn (corr)"]
[EventRounds "8"]
[SourceTitle "Corr 2022"]
[Source "ChessBase"]
[SourceDate "2021.10.24"]
[SourceVersion "1"]
[SourceVersionDate "2021.10.24"]
[SourceQuality "1"]

1. e4 e5 2. Nf3 Nc6 3. Bb5 a6 4. Ba4 Nf6 5. 0-0 Be7 6. Re1 b5 7. Bb3 d6 8. c3 0-0 9. h3 Bb7 10. d4 Re8 11. Nbd2 Bf8 12. d5 Nb8 13. Nh2 Nbd7 14. Ndf1 Nc5 15. Bc2 a5 16. Ng4 a4 17. Bd2 c6 18. Nxf6+ Qxf6 19. Ne3 Qd8 20. Qe2 Qb6 21. b4 axb3 22. axb3 Rec8 23. b4 Na4 24. Bb3 c5 25. Reb1 cxb4 26. Bxa4 Rxa4 27. Rxa4 bxa4 28. Rxb4 Ba6 29. c4 Qa5 30. Bc3 a3 31. Qc2 Qc5 32. Qa4 Ra8 33. Qxa3 Bb7 34. Qb3 Bc8 35. Rb8 Ra6 36. Qb5 Qc7 37. Nf5 g6 38. Nxd6 Bxd6 39. Qe8+ 1-0

[Event "FICGS W-ch st1 g04 email"]
[Site "FICGS email"]
[Date "2008.01.08"]
[Round "1"]
[White "Walter, Stefan"]
[Black "Ruzin, Mikhail"]
[Result "1/2-1/2"]
[WhiteElo "1800"]
[BlackElo "1676"]
[PlyCount "59"]
[EventDate "2008.??.??"]
[EventType "tourn (corr)"]
[EventRounds "8"]
[SourceTitle "Corr 2022"]
[Source "ChessBase"]
[SourceDate "2021.10.24"]
[SourceVersion "1"]
[SourceVersionDate "2021.10.24"]
[SourceQuality "1"]

1. d4 Nf6 2. c4 g6 3. Nc3 Bg7 4. e4 0-0 5. Nf3 d6 6. Be2 e5 7. d5 a5 8. Bg5 h6 9. Bh4 Na6 10. Nd2 Qe8 11. 0-0 Nh7 12. a3 Bd7 13. Kh1 h5 14. f3 Bh6 15. b3 Be3 16. Qc2 Qb8 17. Nb5 c6 18. Nc3 Re8 19. Rab1 Qc7 20. b4 axb4 21. axb4 c5 22. bxc5 Nxc5 23. Nb5 Qb8 24. Nb3 Bxb5 25. Nxc5 Bxc5 26. Rxb5 Qc7 27. Qd2 Ra7 28. f4 exf4 29. Qxf4 b6 30. Rb3 1/2-1/2

[Event "FICGS W-ch st1 g13 email"]
[Site "FICGS email"]
[Date "2007.07.11"]
[Round "1"]
[White "Kozlov, Konstantin"]
[Black "Ruzin, Mikhail"]
[Result "1-0"]
[WhiteElo "2162"]
[BlackElo "1684"]
[PlyCount "39"]
[EventDate "2007.??.??"]
[EventType "tourn (corr)"]
[EventRounds "8"]
[SourceTitle "Corr 2022"]
[Source "ChessBase"]
[SourceDate "2021.10.24"]
[SourceVersion "1"]
[SourceVersionDate "2021.10.24"]
[SourceQuality "1"]

1. e4 c5 2. Nf3 d6 3. d4 cxd4 4. Nxd4 Nf6 5. Nc3 a6 6. f3 e6 7. Be3 b5 8. Qd2 Bb7 9. g4 Nfd7 10. a4 b4 11. Nce2 d5 12. exd5 Bxd5 13. Nf4 Ne5 14. Nxd5 Qxd5 15. 0-0-0 Qa2 16. Nb3 Be7 17. f4 Nec6 18. g5 0-0 19. Qg2 Qxa4 20. Kb1 1-0